000 00692nam a2200229 u 4500
005 20210223131856.0
008 121010s2006 r 000 0 eng d
020 _a9502314565
035 _aUPN01000187315
049 _aCG
050 4 _aQC173.52
_bH3.2
100 1 _aHarari, Diego
_933358
245 1 0 _a100 años de relatividad /
_cDiego Harari, Diego Mazzitelli.
260 _aBuenos Aires :
_bEudeba,
_c2006.
300 _a139 p :
_bil., fígs.
440 0 _aCiencia joven ;
_v9
650 4 _aRELATIVIDAD (FISICA) -
_xHISTORIA
_921780
650 4 _aRELATIVIDAD (FISICA) -
_vLITERATURA JUVENIL
_919633
700 1 _aMazzitelli, Diego,
_ecoaut.
905 _aLibro
999 _c159418
_d159418